La titularidad del Estado sobre los bienes de dominio público y la irregistrabilidad establecida en el artículo 10 de la Ley Nº 17.801 (Registro nro. 24021)

Detalles MARC
000 -LEADER
fixed length control field 00406 a2200109 4500
001 - CONTROL NUMBER
control field ART_31284
005 - DATE AND TIME OF LATEST TRANSACTION
control field 20260410161840.0
008 - FIXED-LENGTH DATA ELEMENTS--GENERAL INFORMATION
fixed length control field 260409a
100 1# - MAIN ENTRY--PERSONAL NAME
Personal name Molina, Marcela
245 10 - TITLE STATEMENT
Title La titularidad del Estado sobre los bienes de dominio público y la irregistrabilidad establecida en el artículo 10 de la Ley Nº 17.801
773 0# - HOST ITEM ENTRY
Title RAP
Related parts - Año 36, Nº 423 (dic. 2013)
Record control number REV5941

No hay ítems disponibles.